header

Christian mission (Record no. 61513)

MARC details
000 -LEADER
fixed length control field 01300nam a2200325Ia 4500
100 1# - MAIN ENTRY--AUTHOR NAME
Personal name Robert, Dana Lee.
245 10 - TITLE STATEMENT
Title Christian mission
260 ## - PUBLICATION, DISTRIBUTION, ETC. (IMPRINT)
Place of publication Malden, MA :
Name of publisher Wiley-Blackwell,
Year of publication 2009.
300 ## - PHYSICAL DESCRIPTION
Number of Pages xi, 214 p.
490 1# - SERIES STATEMENT
Series statement Blackwell brief histories of religion series
650 #0 - SUBJECT ADDED ENTRY--TOPICAL TERM
Topical Term Missions
Topical Term Church history.
856 40 - ELECTRONIC LOCATION AND ACCESS
Uniform Resource Identifier http://site.ebrary.com/lib/rucke/Doc?id=10308295

No items available.

© 2026 Rongo University
Contact us: librarian | system librarian | Rongo university